Największe armie świata 2019 - Statystyki

Ogólne statystyki
  • Ten quiz został rozwiązany 615 razy
  • Średni wynik to 10 z 15
Statystyki odpowiedzi
Ilość żołnierzy Państwo % Poprawnych
1,013,628 Rosja
99%
2,183,000 Chiny
98%
1,281,900 USA
98%
1,362,500 Indie
86%
1,280,000 Korea Północna
74%
334,500 Brazylia
73%
625,000 Korea Południowa
70%
355,000 Turcja
64%
654,000 Pakistan
63%
523,000 Iran
62%
440,000 Egipt
53%
400,000 Indonezja
44%
482,000 Wietnam
36%
360,000 Tajlandia
23%
406,000 Birma
15%
Nie znaleziono quizów pasujących do podanych kryteriów
Rozkład punktacji
Procent ludzi z każdym wynikiem
Percentyl według liczby udzielonych odpowiedzi
Twoja historia wyników
Nie rozwiązałeś tego quizu